<?xml version="1.0" encoding="UTF-8"?>
<record
    xmlns:xsi="http://www.w3.org/2001/XMLSchema-instance"
    xsi:schemaLocation="http://www.loc.gov/MARC21/slim http://www.loc.gov/standards/marcxml/schema/MARC21slim.xsd"
    xmlns="http://www.loc.gov/MARC21/slim">

  <leader>01930    a2200217   4500</leader>
  <controlfield tag="001">29593</controlfield>
  <controlfield tag="005">20260407155605.0</controlfield>
  <controlfield tag="008">260407a1962    arg                 spa d</controlfield>
  <controlfield tag="003">AR-UNSa-BCEJYS</controlfield>
  <datafield tag="040" ind1=" " ind2=" ">
    <subfield code="a">AR-UNSa-BCEJYS</subfield>
    <subfield code="b">spa</subfield>
    <subfield code="c">AR-UNSa-BCEJYS</subfield>
  </datafield>
  <datafield tag="080" ind1=" " ind2=" ">
    <subfield code="a">657.312</subfield>
    <subfield code="x">Tipo de presupuestos</subfield>
  </datafield>
  <datafield tag="245" ind1="1" ind2="0">
    <subfield code="a">Control presupuestario</subfield>
  </datafield>
  <datafield tag="264" ind1=" " ind2="1">
    <subfield code="a">Barcelona :</subfield>
    <subfield code="b">Sagitario</subfield>
    <subfield code="c">1962</subfield>
  </datafield>
  <datafield tag="300" ind1=" " ind2=" ">
    <subfield code="a">157 p.</subfield>
    <subfield code="c">22 cm.</subfield>
  </datafield>
  <datafield tag="505" ind1=" " ind2=" ">
    <subfield code="a">Parte I: 1. Preliminares - 2. La previsi&#xF3;n - 3. EL standard - 4. El presupuesto - 5. Determinaci&#xF3;n de los standards y de los presupuestos - 6. El control presupuestario - 7. Condiciones previas para la aplicaci&#xF3;n del control presupuestario - 8. Elaboraci&#xF3;n de los presupuestos funcionales - 9. El presupuesto de producci&#xF3;n - 10. El presupuesto de mantenimiento - 11. El presupuesto de distribuci&#xF3;n - 12. El presupuseto de los aprovisionamientos y de los stocks - 13. El presupuesto de administraci&#xF3;n - 14. El presupuesto de financiaci&#xF3;n - 15. El presupuesto de las inversiones - 16. El presupuesto general - 17. El presupuesto flexible -- Parte II: 18. Estudio de las diferencias de ejecuci&#xF3;n o desviaciones - 19. Naturaleza y causa de las variaciones o desviaciones - 20. F&#xF3;rmula de determinaci&#xF3;n de las variaciones o desviaciones - 21. Aplicaci&#xF3;n del estudio de las variaciones o desviaciones - 22. Examen de los costes semi-directos de las secciones - 23. Examen de los costes indirectos de las secciones - 24. Examen de los presupuestos de las secciones auxiliares - 25. Examen del precio de coste de producci&#xF3;n - 26. Examen del presupuesto de los stocks fabricados - 27. Algunas observaciones sobre los presupuestos de distribuci&#xF3;n y de administraci&#xF3;n - 28. El control presupuestario elemento esencial para el desarrollo de las empresas  </subfield>
  </datafield>
  <datafield tag="942" ind1=" " ind2=" ">
    <subfield code="c">BK</subfield>
  </datafield>
  <datafield tag="590" ind1=" " ind2=" ">
    <subfield code="a">niveau_biblio:m niveau_hierar:0</subfield>
  </datafield>
  <datafield tag="100" ind1="1" ind2=" ">
    <subfield code="a">Jonio, Fernand</subfield>
  </datafield>
  <datafield tag="700" ind1="1" ind2=" ">
    <subfield code="a">Plaindoux, G.</subfield>
  </datafield>
  <datafield tag="700" ind1="1" ind2=" ">
    <subfield code="a">Garcia Martin, A.</subfield>
  </datafield>
  <datafield tag="999" ind1=" " ind2=" ">
    <subfield code="c">1900</subfield>
    <subfield code="d">1900</subfield>
  </datafield>
  <datafield tag="952" ind1=" " ind2=" ">
    <subfield code="0">0</subfield>
    <subfield code="1">0</subfield>
    <subfield code="4">0</subfield>
    <subfield code="7">0</subfield>
    <subfield code="a">BCEJYS</subfield>
    <subfield code="b">BCEJYS</subfield>
    <subfield code="c">16</subfield>
    <subfield code="d">2026-04-07</subfield>
    <subfield code="l">0</subfield>
    <subfield code="o">657.312 J76</subfield>
    <subfield code="p">L21185</subfield>
    <subfield code="r">2026-04-07 15:56:06</subfield>
    <subfield code="w">2026-04-07</subfield>
    <subfield code="y">L</subfield>
  </datafield>
  <datafield tag="952" ind1=" " ind2=" ">
    <subfield code="0">0</subfield>
    <subfield code="1">0</subfield>
    <subfield code="4">0</subfield>
    <subfield code="7">0</subfield>
    <subfield code="a">BCEJYS</subfield>
    <subfield code="b">BCEJYS</subfield>
    <subfield code="c">16</subfield>
    <subfield code="d">2026-04-07</subfield>
    <subfield code="l">0</subfield>
    <subfield code="o">657.312 J76</subfield>
    <subfield code="p">L23273</subfield>
    <subfield code="r">2026-04-07 15:56:06</subfield>
    <subfield code="w">2026-04-07</subfield>
    <subfield code="y">L</subfield>
  </datafield>
</record>
